Countries by Borders Quiz 1 - Statistics

General Stats
  • This quiz has been taken 18 times
  • The average score is 11 of 12
Answer Stats
Hint Answer % Correct
Guatemala, Mexico Belize
100%
Argentina, Brazil, Chile, Paraguay, Peru Bolivia
100%
Austria, France,San Marino, Slovenia, Switzerland, Vatican City Italy
100%
Canada, Mexico United States of America
100%
Bangladesh, Bhutan, China, Myanmar, Nepal, Pakistan India
93%
Djibouti, Ethiopia, Kenya Somalia
93%
Israel, Jordan, Libya, Saudi Arabia, Sudan Egypt
87%
East Timor, Malaysia, Papua New Guinea Indonesia
87%
Bangladesh, China, India, Laos, Thailand Myanmar
87%
Ethiopia, Somalia, South Sudan, Tanzania, Uganda Kenya
80%
Angola, Botswana, South Africa Namibia
80%
Gambia, Guinea, Guinea-Bissau, Mali, Mauritania Senegal
80%
No matching quizzes found
Score Distribution
Percent of People with Each Score
Percentile by Number Answered
Your Score History
You have not taken this quiz